000 01000nam a22002537a 4500
005 20170809101122.0
010 _a1516EN07 ENG-114636
020 _a9788180521676
_c495.00
035 _aEN-98168
035 _aB-604991-010
035 _aB-664605
037 _aDPL
_bBSB/VEN
037 _bDBAD/PUB
082 _a581.61
100 _aVerma, V.
245 _aTextbook of economic botany /
_cby V. Verma
260 _aNew Delhi
_bAne Books
_c2016
270 _a4821, Parwana Bhawan, 1st floor, 24 Ansari Road, Daryaganj
_bNew Delhi
_e110002
300 _axiv,335p.:
_c24cm(pbk)
_bill
500 _aIncludes index
942 _2ddc
_cEN
_mVER
_h581.61
999 _c96150
_d96150